Statystyki dla Popularne zagraniczne piosenki w Polsce. 27.08-02.09.21 Spotify

Kliknij tutaj aby rozwiązać quiz!

Ogólne statystyki

  • Ten quiz został rozwiązany 8 razy
  • Średni wynik to 6 z 30

Statystyki odpowiedzi

WykonawcaOdsłuchaniaUtwór% Poprawnych
Måneskin695KI WANNA BE YOUR SLAVE
71%
The Kid LAROI, Justin Bieber765KSTAY
71%
Ed Sheeran719KBad Habits
57%
Olivia Rodrigo331Kgood 4 u
43%
Kanye West384KHurricane
43%
Lil Nas X, Jack Harlow453KINDUSTRY BABY
43%
Dua Lipa, DaBaby247KLevitating
43%
Lil Nas X290KMONTERO (Call Me By Your Name)
43%
Kanye West409KOff The Grid
43%
Måneskin483KBeggin'
29%
Riton, Nightcrawlers, Mufasa, Hypeman336KFriday
14%
Kanye West230KGod Breathed
14%
Kanye West320KJail
14%
Kungs531KNever Going Home
14%
Minelli472KRampampam
14%
The Weeknd, Ariana Grande233KSave Your Tears
14%
Olivia Addams310KStranger
14%
The Weeknd303KTake My Breath
14%
Surf Curse264KFreaks
0%
Billie Eilish365KHappier Than Ever
0%
Glass Animals356KHeat Waves
0%
Marshmello, Jonas Brothers314KLeave Before You Love Me
0%
Dua Lipa341KLove Again
0%
Daria272KLove Blind
0%
Doja Cat369KNeed To Know
0%
Kanye West274KPraise God
0%
OneRepublic266KRun
0%
Shawn Mendes. Tainy231KSummer of Love
0%
The Neighbourhood224KSweater Weather
0%
Doja Cat436KWoman
0%

Rozkład punktacji

Percentyl według liczby udzielonych odpowiedzi

Procent ludzi z każdym wynikiem

Twoja historia wyników

Nie rozwiązałeś tego quizu